حول تفسير سورة الفاتحة : ام القران الكريم

Bibliographic Details
Main Author: سراج، ابو نصر عبد الله بن علي (Author)
Format: Book
Language:Arabic
Published: Halab : Maktabat Dar al-Falah , 1991
Edition:الطبعة 1
Subjects:

MARC

LEADER 00000cam a2200000 7i4500
001 0000088872
005 20221030093000.0
008 150826s1991 su ara
050 0 0 |a BP128.16   |b .S57 1991 
090 0 0 |a BP128.16   |b .S57 1991 
100 1 |a سراج، ابو نصر عبد الله بن علي ,   |e author 
241 1 0 |a Hawla tafsir Surat al-Fatihah: Umm al-Quran al-Karim 
245 1 0 |a حول تفسير سورة الفاتحة :   |b ام القران الكريم   |c عبدالله سراج الدين 
250 |a الطبعة 1 
260 |a Halab :   |b Maktabat Dar al-Falah ,   |c 1991 
300 |a 209 pages :   |b illustrations ;   |c 25 cm. 
630 0 0 |a Qur'an   |x Surat al-Fatihah   |x Commentaries 
650 0 |a Qur'an   |x Surat al-Fatihah 
999 |a 1000165141   |b Book   |c OPEN SHELF (30 DAYS)   |e Gong Badak Campus